Normal view MARC view
  • BRENNER, DON J., KRIEG , NOEL R., AND STALEY, JAMES T

Entry Personal Name

Number of records used in: 1

001 - CONTROL NUMBER

  • control field: 7575

003 - CONTROL NUMBER IDENTIFIER

  • control field: JRU

005 - DATE AND TIME OF LATEST TRANSACTION

  • control field: 20230331150505.0

008 - FIXED-LENGTH DATA ELEMENTS

  • fixed length control field: 230331|| aca||aabn | a|a d

040 ## - CATALOGING SOURCE

  • Original cataloging agency: JRU
  • Transcribing agency: JRU

100 ## - HEADING--PERSONAL NAME

  • Personal name: BRENNER, DON J., KRIEG , NOEL R., AND STALEY, JAMES T

670 ## - SOURCE DATA FOUND

  • Source citation: Work cat.: (JRU)8258: BRENNER, DON J., KRIEG , NOEL R., AND STALEY, JAMES T. , BERGEY'S MANUAL OF SYSTEMIC BACTERIOLOGY VOL-2 THE PROTEOBACTERIA PART A - INTRODUCTORY ESSAYS